La mujer discriminada: biología y sociedad

Uloženo v:
Podrobná bibliografie
Hlavní autor: Oakley, Ann (autora)
Médium: Kniha
Jazyk:španělština
Vydáno: Madrid Debate 1977
Edice:Tribuna feminista, 1
Témata:
Tagy: Přidat tag
Žádné tagy, Buďte první, kdo vytvoří štítek k tomuto záznamu!

MARC

LEADER 00000nam a2200000 a 4500
001 UCY9660
003 CL-VaPUC
008 950717e19770000SP |||||||||||||||||spa|d
082 0 4 |a 305.4  |b OAK  |2 21 
100 |a Oakley, Ann  |e autora  |9 342149 
245 1 3 |a La mujer discriminada: biología y sociedad 
300 |a 266 p 
942 |c BK 
945 |d 19950717 00:00:00  |a lriquelm 
260 |a Madrid  |b Debate  |c 1977 
650 7 |a IGUALDAD DE DERECHOS DEL HOMBRE Y DE LA MUJER  |2 CL-VaPUC  |9 338670 
650 0 |a Mujeres  |9 257649 
650 0 |a Sexo  |9 257818 
650 0 |a Comportamiento sexual  |9 334955 
650 0 |a Biología  |9 262022 
650 0 |a Comportamiento social  |9 334200 
650 0 |a Personalidad   |9 307255 
650 0 |a Inteligencia  |9 267038 
650 0 |a Discriminación   |9 335101 
650 0 |a Derechos de la mujer  |9 257074 
650 7 |a ESTRUCTURA SOCIAL  |2 CL-VaPUC  |9 342150 
583 |a last modification  |c 19950717 00:00:00  |k Rodrigo Vera 
490 0 |a Tribuna feminista, 1 
999 |c 236712  |d 236710 
952 |0 0  |1 0  |4 0  |6 305_400000000000000_OAK_1977  |7 0  |8 P  |9 244976  |a BIBEDU  |b BIBEDU  |c BIBEDU_PB  |d 2019-11-18  |i 1532812  |o 305.4 OAK 1977  |p 1532812  |r 2024-01-25  |w 2019-11-18  |y BK  |k EDU 
952 |0 0  |1 0  |4 0  |6 305_400000000000000_OAK_1977  |7 0  |8 P  |9 244977  |a BIBEDU  |b BIBEDU  |c BIBEDU_PB  |d 2019-11-18  |i 1602144  |o 305.4 OAK 1977  |p 1602144  |r 2024-01-25  |w 2019-11-18  |y BK  |k EDU